Snell's clinical anatomy by regions / (Record no. 612229)

000 -LEADER
fixed length control field 02314cam a2200421 i 4500
001 - CONTROL NUMBER
control field 23385511
005 - DATE AND TIME OF LATEST TRANSACTION
control field 20241031144315.0
008 - FIXED-LENGTH DATA ELEMENTS--GENERAL INFORMATION
fixed length control field 231115s2025 paua b 001 0 eng
010 ## - LIBRARY OF CONGRESS CONTROL NUMBER
LC control number 2023053341
020 ## - INTERNATIONAL STANDARD BOOK NUMBER
International Standard Book Number 9781975194093
Qualifying information (hardback)
020 ## - INTERNATIONAL STANDARD BOOK NUMBER
Canceled/invalid ISBN 9781975194093
040 ## - CATALOGING SOURCE
Original cataloging agency DNLM/DLC
Language of cataloging eng
Description conventions rda
Transcribing agency DLC
Modifying agency DLC
042 ## - AUTHENTICATION CODE
Authentication code pcc
050 00 - LIBRARY OF CONGRESS CALL NUMBER
Classification number QM23.2
Item number .W56 2025
060 00 - NATIONAL LIBRARY OF MEDICINE CALL NUMBER
Classification number QS 4
082 00 - DEWEY DECIMAL CLASSIFICATION NUMBER
Classification number 611
Author Mark WIN
084 ## - OTHER CLASSIFICATION NUMBER
Classification number MED005000
Number source bisacsh
100 1# - MAIN ENTRY--PERSONAL NAME
Personal name Wineski, Lawrence E.,
Relator term author.
9 (RLIN) 113269
245 10 - TITLE STATEMENT
Title Snell's clinical anatomy by regions /
Statement of responsibility, etc. Lawrence E. Wineski, PHD.
246 1# - VARYING FORM OF TITLE
Title proper/short title Clinical anatomy by regions
250 ## - EDITION STATEMENT
Edition statement Eleventh edition.
264 #1 - PRODUCTION, PUBLICATION, DISTRIBUTION, MANUFACTURE, AND COPYRIGHT NOTICE
Place of production, publication, distribution, manufacture Philadelphia, PA :
Name of producer, publisher, distributor, manufacturer Wolters Kluwer,
Date of production, publication, distribution, manufacture, or copyright notice [2025]
300 ## - PHYSICAL DESCRIPTION
Extent viii, 822 pages :
Other physical details illustrations ;
Dimensions 28 cm
336 ## - CONTENT TYPE
Content type term text
Content type code txt
Source rdacontent
337 ## - MEDIA TYPE
Media type term unmediated
Media type code n
Source rdamedia
338 ## - CARRIER TYPE
Carrier type term volume
Carrier type code nc
Source rdacarrier
504 ## - BIBLIOGRAPHY, ETC. NOTE
Bibliography, etc. note Includes bibliographical references and index.
505 0# - FORMATTED CONTENTS NOTE
Formatted contents note The Back -- Upper Limb -- Thorax -- Abdomen -- Pelvis -- Perineum -- Lower Limb -- Head and Neck.
520 ## - SUMMARY, ETC.
Summary, etc. The 11th edition of Snell’s Clinical Anatomy by Regions offers a clear, clinically-focused exploration of human anatomy, intended primarily for medical and health sciences students. It incorporates basic anatomical principles along with clinical, radiographic, surface, and developmental (embryology) anatomy, guiding learners through body regions from surface structures to deeper layers. Key elements include real-world clinical examples, highlighted notes on anatomy’s clinical implications for conditions and procedures, simplified embryology concepts, and key concept summaries at the end of each chapter. Updated illustrations and online review questions enhance retention and exam preparation, making it a valuable foundational text for clinical practice.
650 12 - SUBJECT ADDED ENTRY--TOPICAL TERM
Topical term or geographic name entry element Body Regions
General subdivision anatomy & histology
650 22 - SUBJECT ADDED ENTRY--TOPICAL TERM
Topical term or geographic name entry element Anatomy, Regional
650 #7 - SUBJECT ADDED ENTRY--TOPICAL TERM
Topical term or geographic name entry element MEDICAL / Anatomy
Source of heading or term bisacsh
9 (RLIN) 95007
655 #2 - INDEX TERM--GENRE/FORM
Genre/form data or focus term Case Reports
9 (RLIN) 126682
906 ## - LOCAL DATA ELEMENT F, LDF (RLIN)
a 7
b cbc
c orignew
d 1
e ecip
f 20
g y-gencatlg
942 ## - ADDED ENTRY ELEMENTS (KOHA)
Source of classification or shelving scheme
Koha item type Book
Holdings
Withdrawn status Lost status Source of classification or shelving scheme Damaged status Not for loan Permanent Location Current Location Shelving location Date acquired Source of acquisition Cost, normal purchase price Full call number Barcode Date last seen Copy number Price effective from Koha item type Total Checkouts Total Renewals Checked out Date last checked out
          NUST School of Health Sciences (NSHS) NUST School of Health Sciences (NSHS) General Stacks 09/26/2024 Progressive International Agencies (Pvt) Limited. 31509.85 611 WIN NSHS-1836 03/12/2026 c.1 09/26/2024 Book        
          NUST School of Health Sciences (NSHS) NUST School of Health Sciences (NSHS) General Stacks 09/26/2024 Progressive International Agencies (Pvt) Limited. 31509.85 611 WIN NSHS-1837 10/13/2025 c.2 09/26/2024 Book 2 2 02/13/2026 10/13/2025
        Not For Loan NUST School of Health Sciences (NSHS) NUST School of Health Sciences (NSHS) Reference 09/26/2024 Progressive International Agencies (Pvt) Limited. 31509.85 R 611 WIN NSHS-1838 10/31/2024 c.3 09/26/2024 Book        
© 2023 Central Library, National University of Sciences and Technology. All Rights Reserved.